<?xml version="1.0" encoding="UTF-8"?>
<record
    xmlns:xsi="http://www.w3.org/2001/XMLSchema-instance"
    xsi:schemaLocation="http://www.loc.gov/MARC21/slim http://www.loc.gov/standards/marcxml/schema/MARC21slim.xsd"
    xmlns="http://www.loc.gov/MARC21/slim">

  <leader>00727nam a2200181Ia 4500</leader>
  <controlfield tag="001">6563</controlfield>
  <controlfield tag="008">260622s9999    xx            000 0 und d</controlfield>
  <datafield tag="245" ind1=" " ind2="0">
    <subfield code="a">Uruk Pottery: Origin &amp; Distribution/ Bahnam Abu Al Soof PhD = </subfield>
    <subfield code="b">&#x641;&#x62E;&#x627;&#x631; &#x639;&#x635;&#x631; &#x627;&#x644;&#x648;&#x631;&#x643;&#x627;&#x621;: &#x623;&#x635;&#x644;&#x647; &#x648; &#x627;&#x646;&#x62A;&#x634;&#x627;&#x631;&#x647;&#x61F; &#x62F;. &#x628;&#x6C1;&#x646;&#x627;&#x645; &#x627;&#x628;&#x648; &#x627;&#x644;&#x635;&#x648;&#x641;</subfield>
  </datafield>
  <datafield tag="260" ind1=" " ind2=" ">
    <subfield code="b">&#x637;&#x628;&#x639; &#x628;&#x645;&#x637;&#x627;&#x628;&#x639; &#x62C;&#x627;&#x645;&#x639;&#x629; &#x627;&#x644;&#x645;&#x648;&#x635;&#x644;&#x61B; &#x627;&#x644;&#x645;&#x624;&#x633;&#x633;&#x629; &#x627;&#x644;&#x639;&#x627;&#x645;&#x629; &#x644;&#x644;&#x622;&#x62B;&#x627;&#x631; &#x648; &#x627;&#x644;&#x62A;&#x631;&#x627;&#x62B;&#x60C; &#x648;&#x632;&#x627;&#x631;&#x629; &#x627;&#x644;&#x62B;&#x642;&#x627;&#x641;&#x629; &#x648; &#x627;&#x644;&#x639;&#x644;&#x627;&#x645;&#x60C; &#x627;&#x644;&#x62C;&#x645;&#x647;&#x648;&#x631;&#x64A;&#x629; &#x627;&#x644;&#x639;&#x631;&#x627;&#x642;&#x61B; </subfield>
    <subfield code="c">1985</subfield>
  </datafield>
  <datafield tag="300" ind1=" " ind2=" ">
    <subfield code="a">204p; </subfield>
    <subfield code="c">23x17cm</subfield>
  </datafield>
  <datafield tag="546" ind1=" " ind2=" ">
    <subfield code="a">English</subfield>
  </datafield>
  <datafield tag="648" ind1=" " ind2=" ">
    <subfield code="a">Ancient</subfield>
  </datafield>
  <datafield tag="650" ind1=" " ind2=" ">
    <subfield code="a">CC1-960 Archaeology</subfield>
  </datafield>
  <datafield tag="650" ind1=" " ind2=" ">
    <subfield code="a">Pottery</subfield>
    <subfield code="9">9409</subfield>
  </datafield>
  <datafield tag="651" ind1=" " ind2=" ">
    <subfield code="a">Iraq</subfield>
  </datafield>
  <datafield tag="655" ind1=" " ind2=" ">
    <subfield code="a">Research report</subfield>
    <subfield code="9">9410</subfield>
  </datafield>
  <datafield tag="942" ind1=" " ind2=" ">
    <subfield code="c">BK</subfield>
  </datafield>
  <datafield tag="999" ind1=" " ind2=" ">
    <subfield code="c">6563</subfield>
    <subfield code="d">6563</subfield>
  </datafield>
  <datafield tag="952" ind1=" " ind2=" ">
    <subfield code="0">0</subfield>
    <subfield code="1">0</subfield>
    <subfield code="4">0</subfield>
    <subfield code="7">0</subfield>
    <subfield code="8">C</subfield>
    <subfield code="a">SAFL</subfield>
    <subfield code="b">SAFL</subfield>
    <subfield code="d">2026-06-22</subfield>
    <subfield code="l">0</subfield>
    <subfield code="o">CC1-960 98.654</subfield>
    <subfield code="p">6563</subfield>
    <subfield code="r">2026-06-22</subfield>
    <subfield code="w">2026-06-22</subfield>
    <subfield code="y">BK</subfield>
  </datafield>
</record>
